Normal view
MARC view
- Miller, Thomas W.
Entry Personal Name
001 - CONTROL NUMBER
- control field: 96480
003 - CONTROL NUMBER IDENTIFIER
- control field: NUST
005 - DATE AND TIME OF LATEST TRANSACTION
- control field: 20220803170125.0
008 - FIXED-LENGTH DATA ELEMENTS
- fixed length control field: 220803|| aca||aabn | a|a d
040 ## - CATALOGING SOURCE
- Original cataloging agency: NUST
- Transcribing agency: NUST
100 ## - HEADING--PERSONAL NAME
- Personal name: Miller, Thomas W.
670 ## - SOURCE DATA FOUND
- Source citation: Work cat.: (NUST)178767: Monzingo, Robert A., 96479, Introduction to adaptive arrays, c1980.
